Normal view
MARC view
- Musa, Mohammed
Entry Personal Name
001 - CONTROL NUMBER
- control field: 85933
003 - CONTROL NUMBER IDENTIFIER
- control field: NUST
005 - DATE AND TIME OF LATEST TRANSACTION
- control field: 20211207142445.0
008 - FIXED-LENGTH DATA ELEMENTS
- fixed length control field: 211207|| aca||aabn | a|a d
040 ## - CATALOGING SOURCE
- Original cataloging agency: NUST
- Transcribing agency: NUST
100 ## - HEADING--PERSONAL NAME
- Personal name: Musa, Mohammed
670 ## - SOURCE DATA FOUND
- Source citation: Work cat.: (NUST)0: Musa, Mohammed., My version :, 1983.
